Kariera trenerska Sir Kennego Dalglisha. - Statystyki

Ogólne statystyki
  • Ten quiz został rozwiązany 20 razy
  • Średni wynik to 3 z 5
Statystyki odpowiedzi
Lata Drużyna % Poprawnych
1985-1991 Liverpool
94%
2011-2012 Liverpool
94%
2000-2000 Celtic
47%
1991-1995 Blackburn
24%
1997-1998 Newcastle
12%
Nie znaleziono quizów pasujących do podanych kryteriów
Rozkład punktacji
Procent ludzi z każdym wynikiem
Percentyl według liczby udzielonych odpowiedzi
Twoja historia wyników
Nie rozwiązałeś tego quizu